Código penal y legislación complementaria (Registro nro. 51568)
[ vista simple ]
| 000 -CABECERA | |
|---|---|
| Longitud fija campo de control | 01383nam a2200385 i 4500 |
| 001 - NÚMERO DE CONTROL | |
| Número de control | 51568 |
| 003 - IDENTIFICADOR DE NÚMERO DE CONTROL | |
| Identificador del número de control | ES-MaCES |
| 005 - FECHA Y HORA DE LA ÚLTIMA TRANSACCIÓN | |
| Fecha y hora de la última transacción | 20250526142700.0 |
| 007 - PHYSICAL DESCRIPTION FIXED FIELD--GENERAL INFORMAT | |
| Campo fijo de descripción física | cr ||||||||||| |
| 008 - CAMPO FIJO DE DESCRIPCIÓN FIJA--INFORMACIÓN GENERAL | |
| Códigos de información de longitud fija | 201112s2020 sp a | | l||000 |spa |
| 017 ## - NÚMERO DE REGISTRO DE DERECHOS DE AUTOR Y DEPÓSITO LEGAL | |
| Número de copyright o de depósito legal | NA 1034-2020 |
| Agencia que asigna el número | DL |
| 020 ## - ISBN (INTERNATIONAL STANDARD BOOK NUMBER) | |
| Número Internacional Normalizado para Libros (ISBN) | 9788413089744 |
| 020 ## - ISBN (INTERNATIONAL STANDARD BOOK NUMBER) | |
| Número Internacional Normalizado para Libros (ISBN) | 9788413460697 (electrónico) |
| 040 ## - FUENTE DE CATALOGACIÓN | |
| Centro catalogador de origen | ES-MaCES |
| Lengua de catalogación | spa |
| Centro transcriptor | ES-MaCES |
| 110 1# - ENCABEZAMIENTO PRINCIPAL--NOMBRE CORPORATIVO | |
| Nombre de entidad corporativa o nombre de jurisdicción como elemento inicial | España |
| Título de la obra | Código penal, 1995 |
| 9 (RLIN) | 2726 |
| 245 10 - MENCIÓN DE TÍTULO | |
| Título | Código penal y legislación complementaria |
| Mención de responsabilidad, etc. | [ed. preparada por] Julio Díaz-Maroto y Villarejo |
| 250 ## - MENCIÓN DE EDICIÓN | |
| Mención de edición | 46ª ed |
| 260 ## - PUBLICACIÓN, DISTRIBUCIÓN, ETC (PIE DE IMPRENTA) | |
| Lugar de publicación, distribución, etc. | Cizur Menor (Navarra) |
| Nombre del editor, distribuidor, etc. | Civitas-Thomson Reuters |
| Fecha de publicación, distribución, etc. | 2020 |
| 300 ## - DESCRIPCIÓN FÍSICA | |
| Extensión | 868 p. |
| Dimensiones | 21 cm |
| 490 1# - MENCIÓN DE SERIE | |
| Mención de serie | Biblioteca de legislación |
| Designación de volumen o secuencia | 7 |
| 500 ## - NOTA GENERAL | |
| Nota general | Publicación en formato DÚO (papel + libro ectrónico). Disponible en formato electrónico mediante la aplicación PROVIEW |
| 500 ## - NOTA GENERAL | |
| Nota general | Índices |
| 541 ## - NOTA DE LA FUENTE INMEDIANTE DE ADQUISICIÓN | |
| Forma de adquisición | Compra |
| 650 #4 - ASIENTO SECUNDARIO DE MATERIA--TÉRMINO DE MATERIA | |
| Término de materia o nombre geográfico como elemento inicial | código penal |
| 9 (RLIN) | 30032 |
| 650 #4 - ASIENTO SECUNDARIO DE MATERIA--TÉRMINO DE MATERIA | |
| Término de materia o nombre geográfico como elemento inicial | legislación |
| 9 (RLIN) | 27153 |
| 650 #4 - ASIENTO SECUNDARIO DE MATERIA--TÉRMINO DE MATERIA | |
| Término de materia o nombre geográfico como elemento inicial | España |
| 9 (RLIN) | 26964 |
| 650 #4 - ASIENTO SECUNDARIO DE MATERIA--TÉRMINO DE MATERIA | |
| Término de materia o nombre geográfico como elemento inicial | texto |
| 9 (RLIN) | 29624 |
| 653 10 - TÉRMINO DE INDEXACIÓN--NO CONTROLADO | |
| Término no controlado | Legislación |
| 700 1# - ENCABEZAMIENTO SECUNDARIO--NOMBRE PERSONAL | |
| Nombre de persona | Díaz-Maroto y Villarejo, Julio |
| Término indicativo de función | ed. lit. |
| 9 (RLIN) | 10698 |
| 775 0# - ENTRADA DE OTRA EDICIÓN | |
| Título | Código penal y legislación complementaria |
| Número de control del registro relacionado | (ES-MaCES)51423 |
| 830 #0 - ENCABEZAMIENTO SECUNDARIO DE COLECCIÓN--TÍTULO UNIFORME | |
| Título uniforme | Biblioteca de legislación |
| Designación de volumen o secuencia | 7 |
| 9 (RLIN) | 32132 |
| 856 4# - ACCESO ELECTRÓNICO | |
| Identificador Uniforme del Recurso (URI) | https://legalteca.aranzadilaley.es/my-library?sponsor=82111144-IP |
| Texto del enlace | Legalteca |
| 902 ## - CES. TIPO DE DOCUMENTO | |
| Tipodoc (006$c Sirtex) | LIB Libro |
| 942 ## - ELEMENTOS KOHA | |
| Fuente de clasificaión o esquema | Clasificación propia del CES |
| Koha [por defecto] tipo de item | Monografías |
| Parte de clasificación | Legislación |
| Número de registro | Signatura completa | Tipo de item de Koha |
|---|---|---|
| 092038 | DPT-13788 | Monografías |
